The little Christmas tree / (Record no. 402094)
[ view plain ]
| 000 -LEADER | |
|---|---|
| fixed length control field | 01721cam a2200421 i 4500 |
| 001 - CONTROL NUMBER | |
| control field | 1458493100 |
| 003 - CONTROL NUMBER IDENTIFIER | |
| control field | OCoLC |
| 005 - DATE AND TIME OF LATEST TRANSACTION | |
| control field | 20241121170958.0 |
| 008 - FIXED-LENGTH DATA ELEMENTS--GENERAL INFORMATION | |
| fixed length control field | 241002t20242024nyua j 000 1 eng d |
| 020 ## - INTERNATIONAL STANDARD BOOK NUMBER | |
| International Standard Book Number | 9780735845411 |
| Qualifying information | (hardcover) |
| 020 ## - INTERNATIONAL STANDARD BOOK NUMBER | |
| International Standard Book Number | 0735845417 |
| Qualifying information | (hardcover) |
| 035 ## - SYSTEM CONTROL NUMBER | |
| System control number | (OCoLC)1458493100 |
| 040 ## - CATALOGING SOURCE | |
| Original cataloging agency | JRI |
| Language of cataloging | eng |
| Description conventions | rda |
| Transcribing agency | JRI |
| Modifying agency | OCLCO |
| -- | OPW |
| -- | JAS |
| -- | SO$ |
| 041 1# - LANGUAGE CODE | |
| Language code of text/sound track or separate title | eng |
| Language code of original and/or intermediate translations of text | ger |
| 092 ## - LOCALLY ASSIGNED DEWEY CALL NUMBER (OCLC) | |
| Classification number | children holiday |
| Item number | Meyer |
| 100 1# - MAIN ENTRY--PERSONAL NAME | |
| Personal name | Meyer, Thomas, |
| Dates associated with a name | 1974- |
| Relator term | author. |
| 9 (RLIN) | 6496895 |
| 240 10 - UNIFORM TITLE | |
| Uniform title | <a href="Tännchen Felix.">Tännchen Felix.</a> |
| Language of a work | English. |
| 245 14 - TITLE STATEMENT | |
| Title | The little Christmas tree / |
| Statement of responsibility, etc | Thomas Meyer, Philippe Goossens ; translated by Marshall Yarbrough. |
| 264 #1 - Production, Publication, Distribution, Manufacture, and Copyright Notice. | |
| Place of production, publication, distribution, manufacture | New York : |
| Name of producer, publisher, distributor, manufacturer | North South Books, Inc., |
| Date of production, publication, distribution, manufacture, or copyr | 2024. |
| 264 #4 - Production, Publication, Distribution, Manufacture, and Copyright Notice. | |
| Date of production, publication, distribution, manufacture, or copyr | ©2024. |
| 300 ## - PHYSICAL DESCRIPTION | |
| Extent | 1 volume (unpaged) : |
| Other physical details | color illustrations ; |
| Dimensions | 29 cm. |
| 336 ## - Content Type | |
| Content type term | text |
| 336 ## - Content Type | |
| Content type term | still image |
| 337 ## - Media type | |
| Media type term | unmediated |
| 338 ## - Carrier type | |
| Carrier type term | volume |
| 500 ## - GENERAL NOTE | |
| General note | Translation of: Das Tännchen Felix. |
| 520 ## - SUMMARY, ETC. | |
| Summary, etc | Alex is the smallest tree at the Christmas tree school. Kurt, the biggest tree, doesn't let him forget it. But when Alex meets a family of rabbits, he wonders... could it be that what's inside of us counts most of all. |
| 650 #0 - SUBJECT ADDED ENTRY--TOPICAL TERM | |
| Topical term or geographic name as entry element | Christmas trees |
| Form subdivision | Juvenile fiction. |
| 9 (RLIN) | 5730590 |
| 650 #0 - SUBJECT ADDED ENTRY--TOPICAL TERM | |
| Topical term or geographic name as entry element | Trees |
| Form subdivision | Juvenile fiction. |
| 9 (RLIN) | 5693296 |
| 650 #0 - SUBJECT ADDED ENTRY--TOPICAL TERM | |
| Topical term or geographic name as entry element | Animals |
| Form subdivision | Juvenile fiction. |
| 9 (RLIN) | 5678723 |
| 650 #0 - SUBJECT ADDED ENTRY--TOPICAL TERM | |
| Topical term or geographic name as entry element | Rabbits |
| Form subdivision | Juvenile fiction. |
| 9 (RLIN) | 5674643 |
| 650 #0 - SUBJECT ADDED ENTRY--TOPICAL TERM | |
| Topical term or geographic name as entry element | Christmas stories. |
| 655 #7 - INDEX TERM--GENRE/FORM | |
| Genre/form data or focus term | Christmas fiction. |
| Source of term | lcgft. |
| 9 (RLIN) | 5733050 |
| 655 #7 - INDEX TERM--GENRE/FORM | |
| Genre/form data or focus term | Picture books. |
| Source of term | lcgft. |
| 700 1# - ADDED ENTRY--PERSONAL NAME | |
| Personal name | Goossens, Philippe, |
| Relator term | illustrator. |
| 9 (RLIN) | 6453847 |
| 700 1# - ADDED ENTRY--PERSONAL NAME | |
| Personal name | Yarbrough, Marshall, |
| Relator term | translator. |
| 9 (RLIN) | 6010021 |
| 942 ## - ADDED ENTRY ELEMENTS (KOHA) | |
| Source of classification or shelving scheme | Dewey Decimal Classification |
| Koha item type | BOOK |
| Withdrawn status | Lost status | Source of classification or shelving scheme | Damaged status | Not for loan | Collection code | Home library | Current library | Shelving location | Date acquired | Source of acquisition | Total Checkouts | Total Renewals | Full call number | Barcode | Date last seen | Date checked out | Cost, replacement price | Price effective from | Koha item type |
|---|---|---|---|---|---|---|---|---|---|---|---|---|---|---|---|---|---|---|---|
| Dewey Decimal Classification | Children Holiday Books | Wasatch County Library | Wasatch County Library | Main Floor Childrens Area | 11/21/2024 | KidsReference | 6 | 5 | E Christmas Meyer | 34301002138438 | 12/22/2025 | 12/06/2025 | 19.95 | 11/21/2024 | BOOK |
